| 000 | 00590nam a2200229 a 4500 | ||
|---|---|---|---|
| 001 | BRCA_7659 | ||
| 005 | 20190320205931.0 | ||
| 008 | 260713s1956----gw-a######---#000-0#ger-# | ||
| 040 | _ager | ||
| 041 | _agw | ||
| 050 | 4 |
_aPT2603 _b.B35 1956 |
|
| 100 | 1 |
_aBalzer, Hans _918891 |
|
| 245 | 1 | 0 |
_aWilhelm Busch Spruchweisheiten _cHans Balzer. |
| 260 |
_aFrankfurt _bNest _c1956 |
||
| 300 |
_a271 p. _bil. _c23 cm. |
||
| 500 | _aT79 | ||
| 504 | _aBibliografía p. 267 | ||
| 600 | 1 | 4 |
_aBusch, Wilhelm _d1832-1908 _918892 |
| 650 | 1 | 4 |
_aAutores alemanes _918893 |
| 902 | _aGFM | ||
| 942 |
_2lcc _cB |
||
| 999 |
_c7333 _d7333 |
||